[Event "Syre Memorial op 36th"]
[Site "Issy les Moulineaux"]
[Date "2013.05.12"]
[Round "6"]
[White "Kassis, Antoine1111"]
[Black "Schweke, Hugo"]
[Result "1-0"]
[WhiteElo "2107"]
[BlackElo "1775"]
[PlyCount "57"]
[EventDate "2013.05.08"]
[EventType "swiss"]
[EventRounds "7"]
[EventCountry "FRA"]
[SourceTitle "EXT 2015"]
[Source "ChessBase"]
[SourceDate "2014.11.20"]
[SourceVersion "1"]
[SourceVersionDate "2014.11.20"]
[SourceQuality "1"]

1. d4 Nf6 2. c4 e6 3. Nf3 d5 4. Nc3 Bb4 5. e3 0-0 6. Bd3 c5 7. 0-0 Nbd7 8. a3 Bxc3 9. bxc3 cxd4 10. cxd4 dxc4 11. Bxc4 b6 12. Qe2 Bb7 13. Bb2 Be4 14. Bd3 Rc8 15. Rfd1 Qc7 16. Rac1 Bxd3 17. Qxd3 Qb7 18. Nd2 b5 19. e4 a6 20. e5 Nd5 21. Ne4 Rxc1 22. Bxc1 f6 23. exf6 N5xf6 24. Ng5 Qd5 25. Qe2 Re8 26. f3 e5 27. dxe5 Qxe5 28. Qa2+ Nd5 29. Bf4 1-0